Statistiques concernant NRJ Music Awards 2003 - Les gagnants

Cliquez ici pour prendre le quiz!

Statistiques générales

  • Ce quiz a été pris 3 fois
  • Le résultat moyen est 1 sur 13

Statistiques - réponses

HintRéponse% Correct
Révélation francophoneJenifer
67%
Artiste féminine francophoneMylène Farmer
33%
Artiste masculin internationalBilly Crawford
0%
Chanson internationale
Whenever Wherever (Shakira)
0%
Artiste masculin francophoneGérald De Palmas
0%
Site internetJennifer Lopez
0%
Révélation internationaleLas Ketchup
0%
Album internationalLaundry Service (Shakira)
0%
Chanson francophoneManhattan-Kaboul (Renaud et Axelle Red)
0%
Album francophoneParadize (Indochine)
0%
Groupe/duo francophoneRenaud / Axelle Red
0%
Artiste féminine internationaleShakira
0%
Groupe/duo internationalThe Calling
0%

Distribution des résultats

Percentile par nombre de réponses

% des personnes avec chaque résultat

Votre développement - résultats

Vous n’avez pas pris ce quiz